1826 1993 1317 1481 2000 1843 1674 1145 1572 1405 1737 1784 1081 1206 1093 1739 1283 1670 1147 1688 1835 1809 1289 1139 1156 1419 1461 1266 1235 1005 1155 1248 1476 1039 1068 1771 1259 1411 1533 1410 1095 1581 1032 1100 1319 1597 1850 1913 1762 1950 1681 1734 1300 1488 1696 1521 1728 1349 1950 1027 1554 1742 1469 1730 1608 1061 1400 1228 1941 1532 1615 1428 1156 1101 1225 1373 1754 1183 1771 1453 1592 1667 1310 1692 1611 1887 1278 1568 1090 1539 1799 1094 1027 1776 1190 1176 1744 1775 1738 BCNSPRNW ULIB Ver.6.0+V

เปลี่ยนเป็นภาษาไทย

Change to English
 แสดงรายละเอียดบรรณานุกรม
  กลับหน้าหลัก

Brief Record : Get Marc (ISO 2709) : E-mail record : QR code < ปิดหน้าต่าง
LEADER : 00000nam a2200000Ia 4500
001    13399125478
003     ULIB
008    170515s2559 th a b 000 0 tha d
020    ^a9786167388991
040    ^absi
060 04 ^aWS205^bC641
245 00 ^aClinical practices :^bemergency pediatrics : make it easy/^cบรรณาธิการ, สนิตรา ศิริธางกุล ... [และคนอื่นๆ]
246 30 ^aEmergency pediatrics :^bmake it easy
250    ^aพิมพ์ครั้งที่ 1
260    ^aกรุงเทพฯ :^bภาควิชากุมารเวชศาสตร์ วิทยาลัยแพทยศาสตร์พระมงกุฎเกล้า,^c2559
300    ^axiii, 328 หน้า :^bภาพประกอบ (สีบางภาพ) ;^c21 ซม.
505 0  ^aSupraventricular tachycardia -- Dendue shock sysdrome --Mechanical ventilation : initial settings and trouble-shooting guides -- Pediatric advanced life support 2015 --Hypertensive crisis in children and adolescents -- Acutekidney injury -- Neonatal stabilization andpostresuscitation care -- Foreigh body and caustic agnetingestion in children -- Acute liver failure -- Feedingdifficulty in younger children -- Common electrolytedisorders in pediatric emergency -- Current strategies ofdiabetic ketoacidosis management -- Adrenal crisis --Acute asthmatic attack -- Tramadol overdose -- How to dealwith aggressive child -- Developmental red flags --Encounter with attention deficit hyperactivity disorder --Hematologic emergencies in children -- Tumor lysissyndrome -- Leukapheresis -- Inborn errors of metabolism -- Drug hypersensitivity syndrome (DHS) -- Stevens-Johnsonsyndrome and toxic epidermal necrolysis
650  4 ^aกุมารเวชศาสตร์
650  4 ^aเด็ก, โรค
650  4 ^aภาวะฉุกเฉิน
700 0  ^aสนิตรา ศิริธางกุล,^eบรรณาธิการ
710 2  ^aวิทยาลัยแพทยศาสตร์พระมงกุฎเกล้า.^bภาควิชากุมารเวชศาสตร์
945    ^p450^l0^i25149
945    ^p450^l0^i25150
995    ^aกัณชพร
999    ^aกัณชพร
รายการนี้ยังไม่มีแท็ก
คุณยังไม่ได้ล็อกอิน คุณสามารถมีกิจกรรมร่วมกับเว็บไซต์ได้ แต่ต้องล็อกอินก่อน ::
  ล็อกอิน

รายการสื่อสารสนเทศ

ลำดับที่ ประเภท เลขเรียก/บาร์โค้ด สถานที่ สถานะ
1. หนังสือสำรอง
หนังสือสำรอง
WS205 C641 ฉ.1 
  Barcode: 25149
ห้องสมุดวิทยาเขตนครสวรรค์
►หนังสือทั่วไป:l:General Books
บนชั้น
2. วิทยาศาสตร์การแพทย์ และสุขภาพ
วิทยาศาสตร์การแพทย์ และสุขภาพ
WS205 C641 ฉ.2 
  Barcode: 25150
ห้องสมุดวิทยาเขตนครสวรรค์
►หนังสือทั่วไป:l:General Books
บนชั้น

รายการใกล้เคียง
    หัวเรื่อง [กุมารเวชศาสตร์]
    หัวเรื่อง [เด็ก, โรค]
    หัวเรื่อง [ภาวะฉุกเฉิน]

BibComment


ยังไม่เคยถูกคอมเมนท์

คอมเมนท์ทรัพยากรรายการนี้
  คอมเมนท์: Clinical practic..


 Copyright 2026. Bcnsprnw @Library